| 000 | 00830cam a2200301 4500500 | ||
|---|---|---|---|
| 005 | 20260329004707.0 | ||
| 041 | _afre | ||
| 042 | _adc | ||
| 100 | 1 | 0 |
_aNicolas, Ariane _eauthor |
| 245 | 0 | 0 | _aVers un nouveau “séparatisme” idéologique ? |
| 260 | _c2020. | ||
| 500 | _a63 | ||
| 690 | _aConsensus | ||
| 690 | _aDébat | ||
| 690 | _aDémocratie | ||
| 690 | _aDialogue | ||
| 690 | _aGeoffroy de Lagasnerie | ||
| 690 | _aHabermas | ||
| 690 | _aInternet | ||
| 690 | _aIslamisme | ||
| 690 | _aLGBT | ||
| 690 | _aMacron | ||
| 690 | _aPolitique | ||
| 690 | _aRéseaux sociaux | ||
| 690 | _aSéparatisme | ||
| 786 | 0 | _nPhilosophie magazine | 144 | 11 | 2020-11-01 | p. 11-13 | 1951-1787 | |
| 856 | 4 | 1 | _uhttps://shs.cairn.info/magazine-philosophie-magazine-2020-11-page-11?lang=fr&redirect-ssocas=7080 |
| 999 |
_c1836356 _d1836356 |
||